000 00286nam a22001337a 4500
008 170527b xxu||||| |||| 00| 0 eng d
020 _a9780137005109
041 _aeng
080 _27TH
_a621.3
100 _a40
101 _aIM
245 _aDIGITAL SYSTEMS
_cTOCCI
942 _2udc
_cBK
999 _c14641
_d14641